000 00491nam a22001217a 4500
999 _c18735
_d18735
008 210203b xxu||||| |||| 00| 0 eng d
050 _aGMB0407
_b.W35 2015 c.1
100 _aMwangi, Elizabeth Waithera
245 _aAgency banking and non financial performance of commercial banks in Kenya
_bevidence from bank agents in Nakuru central business district
_cElizabeth Waithera Mwangi
260 _aKabarak, Nakuru, Kenya
_bKabarak University
_c2015
300 _a70 leaves
942 _2lcc
_cTHE